[Event "POL-chT U19 1st League"]
[Site "Ustron"]
[Date "2015.07.28"]
[Round "4.23"]
[White "Harazinska, Ewa"]
[Black "Dwilewicz, Katarzyna"]
[Result "1-0"]
[WhiteElo "2034"]
[BlackElo "1872"]
[PlyCount "105"]
[EventDate "2015.07.25"]
[EventType "team-tourn"]
[EventRounds "9"]
[EventCountry "POL"]
[SourceTitle "EXT 2018"]
[Source "ChessBase"]
[SourceDate "2017.10.13"]
[SourceVersion "1"]
[SourceVersionDate "2017.10.13"]
[SourceQuality "1"]
[WhiteTeam "Victoria Komplexbud U19"]
[BlackTeam "Zary ZKSz U19"]
[WhiteTeamCountry "POL"]
[BlackTeamCountry "POL"]

1. d4 d5 2. c4 c5 3. dxc5 Nf6 4. cxd5 Qxd5 5. Qxd5 Nxd5 6. e4 Nb4 7. Na3 e6 8. Bd2 a5 9. Bxb4 axb4 10. Nb5 Na6 11. Rc1 Bd7 12. Nd6+ Bxd6 13. cxd6 Bc6 14. Nf3 0-0 15. Bd3 Nb8 16. Bb1 Rd8 17. Rd1 Ra6 18. Rd2 Bb5 19. e5 f6 20. Nd4 Bc4 21. f4 fxe5 22. fxe5 Ra5 23. Nf3 Nc6 24. b3 Ba6 25. Kd1 Nxe5 26. Ng5 Nc4 27. Bxh7+ Kh8 28. bxc4 Rxg5 29. Be4 b6 30. Kc1 Bxc4 31. Rhd1 Rc5 32. Kb1 b3 33. a3 Rd7 34. Kb2 Kg8 35. Rd4 b5 36. Bf3 Kf7 37. Rf4+ Kg8 38. Rd2 g6 39. Be4 Kh7 40. Rf6 Rg5 41. Bc6 Rd8 42. Rf7+ Kg8 43. Rc7 Rf5 44. Bb7 Kf8 45. a4 Bd5 46. a5 Rf7 47. Rxf7+ Kxf7 48. Bxd5 exd5 49. Rxd5 Ke6 50. Rd3 Rxd6 51. Rxd6+ Kxd6 52. h4 Kc5 53. g4 1-0